NLSUI OPAC header image

Lo Bir Sendra : (Record no. 217944)

MARC details
000 -LEADER
fixed length control field 01902nam a22001817a 4500
005 - DATE AND TIME OF LATEST TRANSACTION
control field 20260423080044.0
008 - FIXED-LENGTH DATA ELEMENTS--GENERAL INFORMATION
fixed length control field 260423b |||||||| |||| 00| 0 eng d
020 ## - INTERNATIONAL STANDARD BOOK NUMBER
International Standard Book Number 9788198067081 (paperback)
082 ## - DEWEY DECIMAL CLASSIFICATION NUMBER
Classification number 923.1 SIN
100 ## - MAIN ENTRY--PERSONAL NAME
Personal name Singh, Jaipal.
245 ## - TITLE STATEMENT
Title Lo Bir Sendra :
Remainder of title a hunter in the burning forest /
Statement of responsibility, etc. Jaipal Singh.
260 ## - PUBLICATION, DISTRIBUTION, ETC.
Place of publication, distribution, etc. New Delhi;
Name of publisher, distributor, etc. Navayana Publishing Pvt. Ltd. ,
Date of publication, distribution, etc. 2025.
300 ## - PHYSICAL DESCRIPTION
Extent 184 pages;
Dimensions 20 cm.
365 ## - TRADE PRICE
Price amount Rs. 399.00
505 ## - FORMATTED CONTENTS NOTE
Formatted contents note Timeline -<br/>A Note on this Edition -<br/>Foreword Jayant Jaipal Singh -<br/>Introduction Stan Swamy -<br/>Home Sweet Home -<br/>I Go West -<br/>At Oxford and Elsewhere -<br/>Indian Olympic Hockey Captain -<br/>A Boxwallah -<br/>At Achimota College -<br/>At Raipur -<br/>Minister in Bikaner -<br/>In and With Adivasidom -<br/>A Poor Labour Leader -<br/>As an Editor -<br/>Marriage by Capture -<br/>Lo Bir Sendra -<br/>Era Sendra: Women Go Hunting -<br/>In Delhi Sports -<br/>Goa to Constanza via Mombasa -<br/>To Europe and North America -<br/>1 am proud to be a Jungli" -<br/>Works cited.<br/><br/>
520 ## - SUMMARY, ETC.
Summary, etc. Jaipal Singh was born in 1903 to a family of priestly Pahans in Jharkhand. He becomes the first Adivasi to study at Oxford University. A sports star, he quits the ICS to captain the Indian hockey team to an Olympic gold in 1928, another first. His globetrotting life brings him a string of cushy jobs. But he is troubled by the condition of the Adivasis. He begins fighting for their rights. He runs newspapers, unions and political parties. To resist the plunder of his homeland, he joins the Adivasi Mahasabha and launches the struggle for Jharkhandi statehood. Jaipal Singh represents Adivasis in the Constituent Assembly, and remains a member of parliament till his death in 1970.<br/>Written on a sea voyage to England in 1969, Lo Bir Sendra was lost to time. In resurrecting this story, we can once more celebrate the man fondly called Marang Gomke, the Big Chief.
942 ## - ADDED ENTRY ELEMENTS (KOHA)
Source of classification or shelving scheme Dewey Decimal Classification
Koha item type BOOKs
Holdings
Withdrawn status Lost status Source of classification or shelving scheme Materials specified (bound volume or other part) Damaged status Not for loan Home library Current library Shelving location Date acquired Source of acquisition Cost, normal purchase price Total Checkouts Full call number Barcode Date last seen Price effective from Koha item type Public note
    Dewey Decimal Classification PB     . . Circulation Counter 23.04.2026 Purchased - Amazon.in 399.00   923.1 SIN 40818 23.04.2026 23.04.2026 BOOKs Recommended by Prof. Dr. Arun K Thiruvengadam